000 00294nam a22001217a 4500
008 180223b xxu||||| |||| 00| 0 eng d
041 _aeng
080 _a23
100 _a52
101 _aeco
245 _athe econimic development of the american nation
_creginald.c.m
942 _2udc
_cBK
999 _c43246
_d43246